000 00885nam a22002657a 4500
999 _c145849
_d145849
005 20230628114914.0
010 _a ENG-121474 ENG-137202
020 _a9789352593200
_c530.00
035 _aEN-105006 EN-120734
035 _aB-685734-746
037 _bAsian
_adpl
037 _bDBAD/PUB
037 _bABC
_aDPL
082 _a512.02
100 _aKhanna, Vijay K.
245 _aA course in abstract algebra /
_cby Vijay K Khanna [and] S K Bhambri
250 _a5th ed
260 _aNoida
_bVikas Publishing House
_c2017
270 _aE-28,Sector-8
_bNoida(UP)
_e201301
300 _aix,869p.
_c24cm(pbk)
500 _aincludes index
700 _aBhambri, S K
942 _2ddc
_cEN
_mKHA
_h512.02